000 00799nam a2200217Ia 4500
003 GCL
008 140319s9999 xx 000 0 ara d
020 _a9874109953
040 _aGCL /
_cGCL
082 0 4 _a953.072
_bهـ ت
100 1 _aهشام جعيط
245 1 0 _aتاسيس الغرب الاسلامى :
_b- القرن الاول والثانى هـ \ السابع و الثامن م - /
_cهشام جعيط
260 _aبيروت :
_bدار الطليعة ،
_c2004
300 _a261 ص ؛
_c25 سم
650 0 4 _aفتح الاندلس
650 0 4 _aالمغرب العربى
650 0 4 _aفتح شمال افريقيا
650 0 4 _aالمغرب - تاريخ - العصر الاسلامى
650 0 4 _aافريقيا - الاحوال الاقتصادية
942 _2ddc
_cBK
999 _c51153
_d51153